000 00321nam a22001337a 4500
020 _a0-07-064552-3
082 _a629.1333 THU'H
100 _aTHUSISTON, DAVID B
_975221
245 _aHOMEBUILT AIRCRAFT
260 _aNEWYORK
_bMCGRAW HILL
_c1982
300 _a210P
650 _aAIRPLANES HOMEBUILT
_975222
942 _cBK
999 _c580685
_d580685